Arctic explorations (Record no. 156540)
[ view plain ]
| 000 -LEADER | |
|---|---|
| campo de control de longitud fija | 01018nam a22002055i 4500 |
| 001 - NÚMERO DE CONTROL | |
| campo de control | 156540 |
| 003 - IDENTIFICADOR DE NÚMERO DE CONTROL | |
| campo de control | ES-MaACL |
| 005 - FECHA Y HORA DE LA ÚLTIMA TRANSACCIÓN | |
| campo de control | 20230906210433.0 |
| 008 - DATOS DE LONGITUD FIJA--INFORMACIÓN GENERAL | |
| campo de control de longitud fija | 040802s1860 xxua |||| | eng d |
| 040 ## - FUENTE DE CATALOGACIÓN | |
| Centro catalogador/agencia de origen | CAM |
| Lengua de catalogación | spa |
| Centro/agencia transcriptor | CAM |
| 100 1# - ENTRADA PRINCIPAL--NOMBRE DE PERSONA | |
| Nombre de persona | Kane, Elisha Kent. |
| 9 (RLIN) | 67486 |
| 245 10 - MENCIÓN DEL TÍTULO | |
| Título | Arctic explorations |
| Resto del título | : the second Grinnell expedition in search of Sir John Franklin, 1853, '54, '55 / |
| Mención de responsabilidad, etc. | by Elisha Kent Kane; illustrated by upwards of three hundred engravings from Sketches by the author ... |
| 260 ## - PUBLICACIÓN, DISTRIBUCIÓN, ETC. | |
| Lugar de publicación, distribución, etc. | Philadelphia : |
| Nombre del editor, distribuidor, etc. | Childs & Peterson, |
| Fecha de publicación, distribución, etc. | 1860 ( |
| Fabricante | Stereotyped by L. Johnson & co.) |
| 300 ## - DESCRIPCIÓN FÍSICA | |
| Extensión | 2 v. : |
| Otras características físicas | il. ; |
| Dimensiones | 23 cm. |
| 597 ## - NOTA DE DESCRIPCIÓN FÍSICA | |
| NOTA DE DESCRIPCIÓN FÍSICA | T.I (464 p., [8] h. de lám., [1] h. pleg. de mapa) - T.II (467 p., [5] h. de lám., [1] h. pleg. de mapa) |
| 597 ## - NOTA DE DESCRIPCIÓN FÍSICA | |
| NOTA DE DESCRIPCIÓN FÍSICA | Front. calc. con fecha de pie de imp., 1856. |
| 599 ## - NOTA A LAS ILUSTRACIONES | |
| NOTA A LAS ILUSTRACIONES | Las h. de lám. grab. retratos de E.K.Kane y H. Grinnel, y paisajes del Artico. |
| 651 #4 - PUNTO DE ACCESO ADICIONAL DE MATERIA--NOMBRE GEOGRÁFICO | |
| Nombre geográfico | Artico- |
| Subdivisión general | Descubrimientos y exploraciones. |
| 9 (RLIN) | 137057 |
| 852 ## - LOCALIZACIÓN | |
| Ubicación | ES-MaACL |
| Número de control de estantería | C-3197-98 |
| Nota libre | -- Enc. tela grab. |
| Estatus retirado | Estado de pérdida | Estado de daño | No para préstamo | Colección | Biblioteca de origen | Biblioteca actual | Ubicación en estantería | Fecha de adquisición | Total de préstamos | Signatura topográfica completa | Código de barras | Visto por última vez | Precio de reemplazo | Tipo de ítem Koha |
|---|---|---|---|---|---|---|---|---|---|---|---|---|---|---|
| Libros del s. XIX | Biblioteca del Ateneo de Madrid | Biblioteca del Ateneo de Madrid | Sala Palomar | 17/01/2008 | C-3197-98 | 1163776 | 23/02/2023 | 23/02/2023 | Libro impreso antiguo |
